LEADER 00787nam0-2200313---450- 001 990005508790403321 005 20110531102054.0 035 $a000550879 035 $aFED01000550879 035 $a(Aleph)000550879FED01 035 $a000550879 100 $a19990604d1973----km-y0itay50------ba 101 1 $aita 102 $aIT 105 $ay-------001yy 200 1 $aKarl Marx$fErnst Bloch 205 $a2. ed. 210 $aBologna$cIl Mulino$d1973 215 $a219 p.$d23 cm 225 1 $aSaggi$v122 676 $a193 700 1$aBloch,$bErnst$f<1885-1977>$0127527 801 0$aIT$bUNINA$gREICAT$2UNIMARC 901 $aBK 912 $a990005508790403321 952 $aP.1 9D BLOCH 18$bBIBL. 48882$fFLFBC 959 $aFLFBC 996 $aKarl Marx$9609263 997 $aUNINA LEADER 00893nam a2200265 i 4500 001 991003196279707536 005 20020503184651.0 008 010315s1962 it ||| | ita 035 $ab10471121-39ule_inst 035 $aEXGIL116722$9ExL 040 $aBiblioteca Interfacoltà$bita 082 0 $a370.109 100 1 $aViotto, Piero$0160067 245 10$aJacques Maritain /$cPiero Viotto 250 $a2. ed 260 $aBrescia :$bLa Scuola,$c1962 300 $a167 p. ;$c19 cm. 490 0 $aPedagogisti ed educatori 650 4$aMaritain, Jacques$xPensiero pedagogico 907 $a.b10471121$b21-02-17$c27-06-02 912 $a991003196279707536 945 $aLE002 A Ped. I E 28 bis$g1$i2002000049834$lle002$o-$pE0.00$q-$rl$s- $t0$u0$v0$w0$x0$y.i1054463x$z27-06-02 996 $aJacques Maritain$9146476 997 $aUNISALENTO 998 $ale002$b01-01-01$cm$da $e-$fita$git $h0$i1